[Event "XLIV Memoriał Szachowy Ludwika Zamenhofa 2025, Grupa B"]
[Site "Bialystok, Poland"]
[Date "2025.12.27"]
[Round "2.8"]
[White "Szlod, Wiktor"]
[Black "Zareba, Maciej"]
[Result "1-0"]
[TimeControl "90'+30\""]
[WhiteElo "2059"]
[BlackElo "1890"]

1. Nf3 {[%clk 01:30:57]} d5 {[%clk 01:30:55]} {[%emt 00:00:08]} 2. g3 {[%clk
01:31:21]} {[%emt 00:00:05]} Nf6 {[%clk 01:31:20]} {[%emt 00:00:04]} 3. Bg2
{[%clk 01:31:47]} {[%emt 00:00:05]} Bf5 {[%clk 01:31:45]} {[%emt 00:00:06]} 4.
O-O {[%clk 01:32:08]} {[%emt 00:00:08]} e6 {[%clk 01:31:58]} {[%emt 00:00:17]}
5. d3 {[%clk 01:32:28]} {[%emt 00:00:11]} h6 {[%clk 01:32:18]} {[%emt
00:00:10]} 6. b3 {[%clk 01:32:39]} {[%emt 00:00:19]} Be7 {[%clk 01:32:38]}
{[%emt 00:00:10]} 7. Bb2 {[%clk 01:32:57]} {[%emt 00:00:11]} O-O {[%clk
01:33:00]} {[%emt 00:00:08]} 8. c4 {[%clk 01:33:14]} {[%emt 00:00:13]} c6
{[%clk 01:33:13]} {[%emt 00:00:17]} 9. Na3 {[%clk 01:32:59]} {[%emt 00:00:45]}
Nbd7 {[%clk 01:32:52]} {[%emt 00:00:52]} 10. Rc1 {[%clk 01:31:33]} {[%emt
00:01:55]} Qa5 {[%clk 01:32:00]} {[%emt 00:01:22]} 11. Nb1 {[%clk 01:20:58]}
{[%emt 00:11:04]} Qxa2 {[%clk 01:31:14]} {[%emt 00:01:17]} 12. Qc2 {[%clk
01:21:19]} {[%emt 00:00:09]} Qa6 {[%clk 01:28:31]} {[%emt 00:03:13]} 13. Nbd2
{[%clk 01:20:17]} {[%emt 00:01:32]} Rfd8 {[%clk 01:26:13]} {[%emt 00:02:48]} 14.
h3 {[%clk 01:18:21]} {[%emt 00:02:26]} Bh7 {[%clk 01:25:30]} {[%emt 00:01:14]}
15. g4 {[%clk 01:18:07]} {[%emt 00:00:44]} Nf8 {[%clk 01:16:26]} {[%emt
00:09:33]} 16. Bc3 {[%clk 01:17:58]} {[%emt 00:00:38]} b5 {[%clk 01:15:16]}
{[%emt 00:01:41]} 17. c5 {[%clk 01:16:43]} {[%emt 00:01:45]} N6d7 {[%clk
01:14:24]} {[%emt 00:01:23]} 18. b4 {[%clk 01:16:26]} {[%emt 00:00:47]} Qb7
{[%clk 01:13:15]} {[%emt 00:01:38]} 19. Nb3 {[%clk 01:15:47]} {[%emt 00:01:09]}
Ng6 {[%clk 01:12:21]} {[%emt 00:01:24]} 20. Qb2 {[%clk 01:14:45]} {[%emt
00:01:32]} f6 {[%clk 01:11:40]} {[%emt 00:01:11]} 21. Nfd4 {[%clk 01:14:01]}
{[%emt 00:01:14]} Nf4 {[%clk 00:46:19]} {[%emt 00:25:51]} 22. Na5 {[%clk
01:13:57]} {[%emt 00:00:35]} Qc8 {[%clk 00:45:08]} {[%emt 00:01:41]} 23. Naxc6
{[%clk 01:14:11]} {[%emt 00:00:15]} Re8 {[%clk 00:45:04]} {[%emt 00:00:35]} 24.
Nxe7+ {[%clk 01:13:46]} {[%emt 00:00:53]} Rxe7 {[%clk 00:45:32]} {[%emt
00:00:03]} 25. Nxb5 {[%clk 01:14:10]} {[%emt 00:00:07]} Qb8 {[%clk 00:38:19]}
{[%emt 00:07:43]} 26. Nd4 {[%clk 01:12:34]} {[%emt 00:02:05]} Qc7 {[%clk
00:36:20]} {[%emt 00:02:29]} 27. Bd2 {[%clk 01:10:55]} {[%emt 00:02:09]} Nxg2
{[%clk 00:34:26]} {[%emt 00:02:24]} 28. Kxg2 {[%clk 01:11:18]} {[%emt
00:00:07]} a6 {[%clk 00:32:22]} {[%emt 00:02:34]} 29. f4 {[%clk 01:09:58]}
{[%emt 00:01:50]} e5 {[%clk 00:30:29]} {[%emt 00:02:23]} 30. Qb3 {[%clk
01:10:17]} {[%emt 00:00:11]} Rae8 {[%clk 00:28:09]} {[%emt 00:02:50]} 31. Qxd5+
{[%clk 01:07:14]} {[%emt 00:03:33]} Kh8 {[%clk 00:28:38]} 32. Qd6 {[%clk
01:02:34]} {[%emt 00:05:11]} Qc8 {[%clk 00:28:17]} {[%emt 00:00:51]} 33. Nf3
{[%clk 00:59:48]} {[%emt 00:03:15]} exf4 {[%clk 00:27:44]} {[%emt 00:01:04]} 34.
Ng1 {[%clk 00:58:59]} {[%emt 00:01:18]} Ne5 {[%clk 00:19:41]} {[%emt 00:08:34]}
35. Bxf4 {[%clk 00:51:12]} {[%emt 00:08:16]} Nc6 {[%clk 00:16:11]} {[%emt
00:04:00]} 36. Bd2 {[%clk 00:48:53]} {[%emt 00:02:50]} Rd7 {[%clk 00:15:15]}
{[%emt 00:01:28]} 37. Qf4 {[%clk 00:46:23]} {[%emt 00:02:56]} Nd4 {[%clk
00:15:08]} {[%emt 00:00:38]} 38. Be3 {[%clk 00:45:22]} {[%emt 00:01:31]} Nxe2
{[%clk 00:12:57]} {[%emt 00:02:41]} 39. Nxe2 {[%clk 00:45:42]} {[%emt
00:00:11]} Rde7 {[%clk 00:12:06]} {[%emt 00:01:21]} 40. Rf3 {[%clk 00:43:38]}
{[%emt 00:02:33]} Bxd3 {[%clk 00:08:31]} {[%emt 00:04:05]} 41. Ng3 {[%clk
00:42:58]} {[%emt 00:01:10]} Qc6 {[%clk 00:08:08]} {[%emt 00:00:53]} 42. Kf2
{[%clk 00:42:27]} {[%emt 00:01:02]} Re6 {[%clk 00:05:47]} {[%emt 00:02:51]} 43.
Bd4 {[%clk 00:38:45]} {[%emt 00:04:11]} Be4 {[%clk 00:04:43]} {[%emt 00:01:34]}
44. Re3 {[%clk 00:38:28]} {[%emt 00:00:46]} Qd5 {[%clk 00:05:12]} {[%emt
00:00:01]} 45. Rd1 {[%clk 00:36:11]} {[%emt 00:02:48]} Qa2+ {[%clk 00:05:09]}
{[%emt 00:00:33]} 46. Re2 {[%clk 00:35:31]} {[%emt 00:01:10]} Qb3 {[%clk
00:04:48]} {[%emt 00:00:51]} 47. Rde1 {[%clk 00:34:35]} {[%emt 00:01:26]} g5
{[%clk 00:04:43]} {[%emt 00:00:36]} 48. Qe3 {[%clk 00:34:20]} {[%emt 00:00:46]}
Qxb4 {[%clk 00:01:52]} {[%emt 00:03:19]} 49. Qc3 {[%clk 00:33:56]} {[%emt
00:00:54]} Qb8 {[%clk 00:01:55]} {[%emt 00:00:28]} 50. Rxe4 {[%clk 00:32:37]}
{[%emt 00:01:49]} Rxe4 {[%clk 00:02:15]} {[%emt 00:00:10]} 51. Rxe4 {[%clk
00:33:01]} {[%emt 00:00:05]} Rxe4 {[%clk 00:02:31]} {[%emt 00:00:14]} 52. Nxe4
{[%clk 00:33:26]} {[%emt 00:00:05]} Qh2+ {[%clk 00:02:36]} {[%emt 00:00:25]} 53.
Ke1 {[%clk 00:33:45]} {[%emt 00:00:11]} Qh1+ {[%clk 00:03:00]} {[%emt
00:00:06]} 54. Kd2 {[%clk 00:34:11]} {[%emt 00:00:04]} Qxe4 {[%clk 00:02:54]}
{[%emt 00:00:36]} 55. Bxf6+ {[%clk 00:34:14]} {[%emt 00:00:27]} Kg8 {[%clk
00:03:14]} {[%emt 00:00:10]} 56. c6 {[%clk 00:34:38]} {[%emt 00:00:06]} Qd5+
{[%clk 00:03:24]} {[%emt 00:00:19]} 57. Kc1 {[%clk 00:34:42]} {[%emt 00:00:26]}
Qh1+ {[%clk 00:03:30]} {[%emt 00:00:24]} 58. Kb2 {[%clk 00:35:06]} {[%emt
00:00:07]} Qh2+ {[%clk 00:03:27]} {[%emt 00:00:33]} 59. Ka1 {[%clk 00:35:16]}
{[%emt 00:00:20]} Qg1+ {[%clk 00:03:38]} {[%emt 00:00:19]} 60. Ka2 {[%clk
00:35:38]} {[%emt 00:00:08]} Qh2+ {[%clk 00:03:52]} {[%emt 00:00:16]} 61. Kb3
{[%clk 00:35:19]} {[%emt 00:00:49]} Qb8+ {[%clk 00:04:05]} {[%emt 00:00:16]} 62.
Qb4 {[%clk 00:35:24]} {[%emt 00:00:26]} Qg3+ {[%clk 00:04:12]} {[%emt
00:00:22]} 63. Bc3 {[%clk 00:35:49]} {[%emt 00:00:06]} Qg1 {[%clk 00:04:10]}
{[%emt 00:00:32]} 64. c7 {[%clk 00:34:35]} {[%emt 00:01:44]} Qb1+ {[%clk
00:03:50]} {[%emt 00:00:50]} 65. Ka3 {[%clk 00:34:57]} {[%emt 00:00:08]} 1-0

[Event "XLIV Memoriał Szachowy Ludwika Zamenhofa 2025, Grupa B"]
[Site "Bialystok, Poland"]
[Date "2025.12.27"]
[Round "2.9"]
[White "Widelski, Kacper"]
[Black "Reshetniak, Vitaliy"]
[Result "0-1"]
[TimeControl "90'+30\""]
[WhiteElo "1874"]
[BlackElo "2048"]

1. e4 {[%clk 01:30:57]} {[%emt 00:00:02]} c5 {[%clk 01:28:41]} {[%emt
00:02:21]} 2. Nf3 {[%clk 01:31:18]} {[%emt 00:00:08]} e6 {[%clk 01:28:57]}
{[%emt 00:00:14]} 3. d4 {[%clk 01:31:43]} {[%emt 00:00:05]} cxd4 {[%clk
01:29:22]} {[%emt 00:00:06]} 4. Nxd4 {[%clk 01:32:07]} {[%emt 00:00:06]} a6
{[%clk 01:29:44]} {[%emt 00:00:07]} 5. Nc3 {[%clk 01:32:20]} {[%emt 00:00:17]}
b5 {[%clk 01:29:45]} {[%emt 00:00:30]} 6. Bd3 {[%clk 01:32:13]} {[%emt
00:00:36]} Qb6 {[%clk 01:29:57]} {[%emt 00:00:19]} 7. Nb3 {[%clk 01:32:20]}
{[%emt 00:00:22]} Qc7 {[%clk 01:30:04]} {[%emt 00:00:23]} 8. O-O {[%clk
01:31:40]} {[%emt 00:01:10]} Bb7 {[%clk 01:29:54]} {[%emt 00:00:40]} 9. f4
{[%clk 01:27:20]} {[%emt 00:04:50]} b4 {[%clk 01:26:25]} {[%emt 00:03:59]} 10.
Ne2 {[%clk 01:25:36]} {[%emt 00:02:14]} Nf6 {[%clk 01:26:38]} {[%emt 00:00:18]}
11. e5 {[%clk 01:22:31]} {[%emt 00:03:35]} Nd5 {[%clk 01:21:32]} {[%emt
00:05:35]} 12. Kh1 {[%clk 01:20:50]} {[%emt 00:02:11]} a5 {[%clk 01:12:43]}
{[%emt 00:09:19]} 13. Ng3 {[%clk 01:07:10]} {[%emt 00:14:09]} Nc6 {[%clk
01:00:07]} {[%emt 00:13:07]} 14. a4 {[%clk 00:48:42]} {[%emt 00:18:58]} bxa3
{[%clk 00:59:17]} {[%emt 00:01:21]} 15. bxa3 {[%clk 00:48:37]} {[%emt
00:00:35]} a4 {[%clk 00:59:35]} {[%emt 00:00:12]} 16. c4 {[%clk 00:48:55]}
{[%emt 00:00:12]} Nxf4 {[%clk 00:48:25]} {[%emt 00:11:39]} 17. Bxf4 {[%clk
00:48:22]} {[%emt 00:01:04]} axb3 {[%clk 00:48:49]} {[%emt 00:00:06]} 18. Qxb3
{[%clk 00:46:27]} {[%emt 00:02:25]} Nd4 {[%clk 00:39:22]} {[%emt 00:09:55]} 19.
Qb2 {[%clk 00:42:55]} {[%emt 00:04:03]} Bc5 {[%clk 00:38:48]} {[%emt 00:01:03]}
20. Be3 {[%clk 00:34:49]} {[%emt 00:08:37]} Nb3 {[%clk 00:36:14]} {[%emt
00:03:04]} 21. Qxb3 {[%clk 00:28:59]} {[%emt 00:06:21]} Bxe3 {[%clk 00:36:36]}
{[%emt 00:00:07]} 22. Ne4 {[%clk 00:26:57]} {[%emt 00:02:32]} Rb8 {[%clk
00:33:25]} {[%emt 00:03:41]} 23. Qc3 {[%clk 00:07:44]} {[%emt 00:19:43]} Bxe4
{[%clk 00:21:22]} {[%emt 00:12:33]} 24. Bxe4 {[%clk 00:08:08]} {[%emt
00:00:08]} Bc5 {[%clk 00:20:11]} {[%emt 00:01:40]} 25. Rab1 {[%clk 00:05:39]}
{[%emt 00:02:59]} O-O {[%clk 00:20:11]} {[%emt 00:00:29]} 26. Rb5 {[%clk
00:05:58]} {[%emt 00:00:12]} Rb6 {[%clk 00:20:01]} {[%emt 00:00:40]} 27. a4
{[%clk 00:05:37]} {[%emt 00:00:51]} Ra6 {[%clk 00:19:06]} {[%emt 00:01:25]} 28.
a5 {[%clk 00:05:11]} {[%emt 00:00:56]} Ra7 {[%clk 00:19:15]} {[%emt 00:00:21]}
29. Rfb1 {[%clk 00:03:53]} {[%emt 00:01:48]} f6 {[%clk 00:15:03]} {[%emt
00:04:42]} 30. exf6 {[%clk 00:03:47]} {[%emt 00:00:37]} Rxf6 {[%clk 00:15:24]}
{[%emt 00:00:09]} 31. Rd1 {[%clk 00:00:36]} {[%emt 00:03:41]} Rh6 {[%clk
00:13:17]} {[%emt 00:02:36]} 32. g3 {[%clk 00:00:44]} {[%emt 00:00:23]} Rf6
{[%clk 00:13:26]} {[%emt 00:00:20]} 33. Bf3 {[%clk 00:00:45]} {[%emt 00:00:30]}
Kf7 {[%clk 00:11:57]} {[%emt 00:01:58]} 34. Rf1 {[%clk 00:00:53]} {[%emt
00:00:22]} Qd6 {[%clk 00:11:50]} {[%emt 00:00:38]} 35. Kg2 {[%clk 00:00:33]}
{[%emt 00:00:50]} Ke7 {[%clk 00:11:43]} {[%emt 00:00:36]} 36. Qc2 {[%clk
00:00:35]} {[%emt 00:00:28]} g6 {[%clk 00:11:52]} {[%emt 00:00:21]} 37. Rd1
{[%clk 00:00:44]} {[%emt 00:00:21]} Qe5 {[%clk 00:12:03]} {[%emt 00:00:19]} 38.
Qe4 {[%clk 00:00:35]} {[%emt 00:00:40]} Qxe4 {[%clk 00:10:30]} {[%emt
00:02:02]} 39. Bxe4 {[%clk 00:01:04]} {[%emt 00:00:02]} Rf2+ {[%clk 00:10:44]}
{[%emt 00:00:15]} 40. Kh3 {[%clk 00:01:28]} {[%emt 00:00:06]} d6 {[%clk
00:11:00]} {[%emt 00:00:14]} 41. Bb7 {[%clk 00:01:10]} {[%emt 00:00:48]} h5
{[%clk 00:09:47]} {[%emt 00:01:43]} 42. a6 {[%clk 00:00:41]} {[%emt 00:00:59]}
g5 {[%clk 00:09:03]} {[%emt 00:01:14]} 43. g4 {[%clk 00:00:32]} {[%emt
00:00:39]} h4 {[%clk 00:09:25]} {[%emt 00:00:08]} 44. Rb3 {[%clk 00:00:34]}
{[%emt 00:00:28]} Rc2 {[%clk 00:09:33]} {[%emt 00:00:22]} 45. Rf1 {[%clk
00:00:42]} {[%emt 00:00:22]} Rxc4 {[%clk 00:09:48]} {[%emt 00:00:15]} 46. Rbf3
{[%clk 00:01:06]} {[%emt 00:00:06]} d5 {[%clk 00:10:04]} {[%emt 00:00:14]} 47.
Rf7+ {[%clk 00:00:42]} {[%emt 00:00:54]} Kd6 {[%clk 00:10:28]} {[%emt
00:00:05]} 48. R1f3 {[%clk 00:00:37]} {[%emt 00:00:36]} Re4 {[%clk 00:10:06]}
{[%emt 00:00:52]} 49. Rg7 {[%clk 00:00:38]} {[%emt 00:00:30]} Be3 {[%clk
00:10:21]} {[%emt 00:00:15]} 50. Rff7 {[%clk 00:00:32]} {[%emt 00:00:36]} Ra4
{[%clk 00:09:44]} {[%emt 00:01:06]} 51. Kg2 {[%clk 00:00:33]} {[%emt 00:00:29]}
R7xa6 {[%clk 00:09:45]} {[%emt 00:00:29]} 52. Bxa6 {[%clk 00:00:57]} {[%emt
00:00:05]} Rxa6 {[%clk 00:10:10]} {[%emt 00:00:06]} 53. Kf3 {[%clk 00:00:56]}
{[%emt 00:00:31]} Ra3 {[%clk 00:10:28]} {[%emt 00:00:13]} 54. Ke2 {[%clk
00:00:33]} {[%emt 00:00:53]} Bf4 {[%clk 00:10:33]} {[%emt 00:00:23]} 55. Ra7
{[%clk 00:00:32]} {[%emt 00:00:32]} Rxa7 {[%clk 00:10:39]} {[%emt 00:00:24]} 56.
Rxa7 {[%clk 00:01:01]} {[%emt 00:00:02]} Bxh2 {[%clk 00:11:02]} {[%emt
00:00:06]} 57. Kd3 {[%clk 00:01:08]} {[%emt 00:00:23]} Bf4 {[%clk 00:10:56]}
{[%emt 00:00:36]} 58. Rh7 {[%clk 00:01:31]} {[%emt 00:00:07]} Ke5 {[%clk
00:11:14]} {[%emt 00:00:13]} 59. Rh6 {[%clk 00:01:50]} {[%emt 00:00:09]} Bg3
{[%clk 00:11:21]} {[%emt 00:00:24]} 60. Ke3 {[%clk 00:02:13]} {[%emt 00:00:07]}
Bf4+ {[%clk 00:11:33]} {[%emt 00:00:18]} 61. Kd3 {[%clk 00:02:36]} {[%emt
00:00:07]} d4 {[%clk 00:11:33]} {[%emt 00:00:30]} 62. Rh8 {[%clk 00:02:29]}
{[%emt 00:00:37]} Be3 {[%clk 00:11:57]} {[%emt 00:00:06]} 63. Rf8 {[%clk
00:02:53]} {[%emt 00:00:07]} h3 {[%clk 00:11:43]} {[%emt 00:00:42]} 64. Rh8
{[%clk 00:03:18]} {[%emt 00:00:06]} Kf4 {[%clk 00:12:09]} {[%emt 00:00:05]} 65.
Rxh3 {[%clk 00:03:44]} {[%emt 00:00:04]} e5 {[%clk 00:12:28]} {[%emt 00:00:11]}
66. Rh8 {[%clk 00:03:35]} {[%emt 00:00:39]} e4+ {[%clk 00:12:50]} {[%emt
00:00:08]} 67. Ke2 {[%clk 00:03:53]} {[%emt 00:00:12]} d3+ {[%clk 00:13:12]}
{[%emt 00:00:08]} 0-1

[Event "XLIV Memoriał Szachowy Ludwika Zamenhofa 2025, Grupa B"]
[Site "Bialystok, Poland"]
[Date "2025.12.27"]
[Round "2.10"]
[White "Markowski, Adam"]
[Black "Kozlowski, Pawel"]
[Result "0-1"]
[TimeControl "90'+30\""]
[WhiteElo "1868"]
[BlackElo "2036"]

1. d4 {[%clk 01:30:58]} {[%emt 00:00:01]} Nf6 {[%clk 01:28:37]} {[%emt
00:02:14]} 2. c4 {[%clk 01:31:24]} {[%emt 00:00:14]} g6 {[%clk 01:28:59]}
{[%emt 00:00:08]} 3. Nc3 {[%clk 01:31:46]} {[%emt 00:00:07]} Bg7 {[%clk
01:29:24]} {[%emt 00:00:05]} 4. g3 {[%clk 01:32:10]} {[%emt 00:00:06]} O-O
{[%clk 01:29:48]} {[%emt 00:00:06]} 5. Bg2 {[%clk 01:32:38]} {[%emt 00:00:02]}
d6 {[%clk 01:30:12]} {[%emt 00:00:07]} 6. Nf3 {[%clk 01:33:04]} {[%emt
00:00:04]} Nc6 {[%clk 01:30:32]} {[%emt 00:00:09]} 7. O-O {[%clk 01:33:27]}
{[%emt 00:00:08]} Rb8 {[%clk 01:30:51]} {[%emt 00:00:11]} 8. e4 {[%clk
01:32:44]} {[%emt 00:01:13]} Bg4 {[%clk 01:28:29]} {[%emt 00:02:51]} 9. h3
{[%clk 01:29:26]} {[%emt 00:03:48]} Bxf3 {[%clk 01:28:45]} {[%emt 00:00:14]} 10.
Bxf3 {[%clk 01:29:46]} {[%emt 00:00:10]} e5 {[%clk 01:28:54]} {[%emt 00:00:21]}
11. d5 {[%clk 01:29:45]} {[%emt 00:00:32]} Nd4 {[%clk 01:29:01]} {[%emt
00:00:22]} 12. Be3 {[%clk 01:27:39]} {[%emt 00:02:36]} Nd7 {[%clk 01:20:09]}
{[%emt 00:09:22]} 13. Bg2 {[%clk 01:24:24]} {[%emt 00:03:46]} c5 {[%clk
01:17:53]} {[%emt 00:02:46]} 14. Qd2 {[%clk 01:21:50]} {[%emt 00:03:04]} f5
{[%clk 01:07:45]} {[%emt 00:10:38]} 15. f4 {[%clk 01:17:58]} {[%emt 00:04:22]}
a6 {[%clk 01:06:02]} {[%emt 00:02:13]} 16. Rab1 {[%clk 01:04:30]} {[%emt
00:13:57]} b5 {[%clk 01:04:39]} {[%emt 00:01:53]} 17. b3 {[%clk 01:02:35]}
{[%emt 00:02:26]} Qa5 {[%clk 00:57:53]} {[%emt 00:07:16]} 18. exf5 {[%clk
01:00:09]} {[%emt 00:02:56]} Qxc3 {[%clk 00:57:59]} {[%emt 00:00:24]} 19. fxg6
{[%clk 00:53:47]} {[%emt 00:06:52]} hxg6 {[%clk 00:57:47]} {[%emt 00:00:42]} 20.
Qf2 {[%clk 00:51:02]} {[%emt 00:03:14]} Nf5 {[%clk 00:57:43]} {[%emt 00:00:34]}
21. Rfe1 {[%clk 00:50:19]} {[%emt 00:01:14]} exf4 {[%clk 00:54:59]} {[%emt
00:03:14]} 22. gxf4 {[%clk 00:49:29]} {[%emt 00:01:20]} Nxe3 {[%clk 00:55:18]}
{[%emt 00:00:11]} 23. Rxe3 {[%clk 00:49:50]} {[%emt 00:00:09]} Qxe3 {[%clk
00:55:44]} {[%emt 00:00:03]} 0-1

[Event "XLIV Memoriał Szachowy Ludwika Zamenhofa 2025, Grupa B"]
[Site "Bialystok, Poland"]
[Date "2025.12.27"]
[Round "2.11"]
[White "Businski, Jan"]
[Black "Ptaszynski, Szymon"]
[Result "1/2-1/2"]
[TimeControl "90'+30\""]
[WhiteElo "1867"]
[BlackElo "2025"]

1. d4 {[%clk 01:30:56]} {[%emt 00:00:03]} Nf6 {[%clk 01:30:41]} {[%emt
00:00:19]} 2. c4 {[%clk 01:31:17]} {[%emt 00:00:10]} e6 {[%clk 01:31:04]}
{[%emt 00:00:07]} 3. g3 {[%clk 01:31:41]} {[%emt 00:00:07]} d5 {[%clk
01:31:26]} {[%emt 00:00:07]} 4. Nf3 {[%clk 01:32:06]} {[%emt 00:00:05]} c6
{[%clk 01:31:47]} {[%emt 00:00:09]} 5. Bg2 {[%clk 01:32:20]} {[%emt 00:00:16]}
Bd6 {[%clk 01:32:06]} {[%emt 00:00:10]} 6. O-O {[%clk 01:32:40]} {[%emt
00:00:11]} O-O {[%clk 01:32:21]} {[%emt 00:00:15]} 7. Nbd2 {[%clk 01:32:33]}
{[%emt 00:00:36]} Nbd7 {[%clk 01:32:19]} {[%emt 00:00:33]} 8. Qc2 {[%clk
01:31:58]} {[%emt 00:01:05]} h6 {[%clk 01:32:23]} {[%emt 00:00:25]} 9. b3
{[%clk 01:30:36]} {[%emt 00:01:53]} Re8 {[%clk 01:31:19]} {[%emt 00:01:34]} 10.
Bb2 {[%clk 01:30:31]} {[%emt 00:00:35]} Qc7 {[%clk 01:31:36]} {[%emt 00:00:12]}
11. Rac1 {[%clk 01:26:18]} {[%emt 00:04:44]} a5 {[%clk 01:27:40]} {[%emt
00:04:26]} 12. a3 {[%clk 01:24:18]} {[%emt 00:02:31]} Ra7 {[%clk 01:25:33]}
{[%emt 00:02:36]} 13. Rfd1 {[%clk 01:18:15]} {[%emt 00:06:33]} b6 {[%clk
01:23:54]} {[%emt 00:02:09]} 14. Qb1 {[%clk 01:09:34]} {[%emt 00:09:11]} Bb7
{[%clk 01:22:17]} {[%emt 00:02:07]} 15. cxd5 {[%clk 01:08:19]} {[%emt
00:01:45]} exd5 {[%clk 01:22:36]} {[%emt 00:00:11]} 16. e3 {[%clk 01:08:45]}
{[%emt 00:00:04]} Qd8 {[%clk 01:21:42]} {[%emt 00:01:23]} 17. Nh4 {[%clk
00:59:37]} {[%emt 00:09:38]} c5 {[%clk 01:16:53]} {[%emt 00:05:20]} 18. Bf1
{[%clk 00:58:43]} {[%emt 00:01:23]} Bf8 {[%clk 01:14:19]} {[%emt 00:03:04]} 19.
Bb5 {[%clk 00:53:52]} {[%emt 00:05:23]} Re6 {[%clk 01:11:02]} {[%emt 00:03:45]}
20. Ng2 {[%clk 00:52:26]} {[%emt 00:01:56]} Bc6 {[%clk 01:04:28]} {[%emt
00:07:03]} 21. Bxc6 {[%clk 00:47:26]} {[%emt 00:05:31]} Rxc6 {[%clk 01:04:55]}
{[%emt 00:00:02]} 22. Qd3 {[%clk 00:47:44]} {[%emt 00:00:14]} Rd6 {[%clk
01:03:50]} {[%emt 00:01:34]} 23. a4 {[%clk 00:46:03]} {[%emt 00:02:12]} Rc7
{[%clk 01:01:09]} {[%emt 00:03:07]} 24. Qb5 {[%clk 00:43:51]} {[%emt 00:02:47]}
Rdc6 {[%clk 00:43:43]} {[%emt 00:17:55]} 25. Rc2 {[%clk 00:29:13]} {[%emt
00:15:09]} Qc8 {[%clk 00:35:33]} {[%emt 00:08:40]} 26. Rdc1 {[%clk 00:29:16]}
{[%emt 00:00:26]} Ne8 {[%clk 00:34:37]} {[%emt 00:01:26]} 27. dxc5 {[%clk
00:29:19]} {[%emt 00:00:28]} Rxc5 {[%clk 00:35:00]} {[%emt 00:00:07]} 28. Rxc5
{[%clk 00:29:43]} {[%emt 00:00:06]} Rxc5 {[%clk 00:34:51]} {[%emt 00:00:39]} 29.
Rxc5 {[%clk 00:30:06]} {[%emt 00:00:07]} Bxc5 {[%clk 00:33:53]} {[%emt
00:01:27]} 30. Qd3 {[%clk 00:29:51]} {[%emt 00:00:45]} Nef6 {[%clk 00:32:49]}
{[%emt 00:01:34]} 31. Nf4 {[%clk 00:28:46]} {[%emt 00:01:36]} Qc6 {[%clk
00:32:43]} {[%emt 00:00:32]} 32. Nf3 {[%clk 00:27:27]} {[%emt 00:01:52]} Qd6
{[%clk 00:29:15]} {[%emt 00:03:54]} 33. h4 {[%clk 00:19:46]} {[%emt 00:08:16]}
Kh8 {[%clk 00:24:59]} {[%emt 00:04:46]} 34. Qf5 {[%clk 00:19:31]} {[%emt
00:00:45]} Kg8 {[%clk 00:23:01]} {[%emt 00:02:27]} 35. Ne5 {[%clk 00:14:38]}
{[%emt 00:05:24]} Nf8 {[%clk 00:17:37]} {[%emt 00:05:55]} 36. Ng4 {[%clk
00:13:02]} {[%emt 00:02:05]} Nxg4 {[%clk 00:14:31]} {[%emt 00:03:37]} 37. Qxg4
{[%clk 00:13:25]} {[%emt 00:00:05]} d4 {[%clk 00:13:53]} {[%emt 00:01:08]} 38.
Bxd4 {[%clk 00:12:25]} {[%emt 00:01:29]} Bxd4 {[%clk 00:14:18]} {[%emt
00:00:06]} 39. exd4 {[%clk 00:12:51]} {[%emt 00:00:04]} Qxd4 {[%clk 00:14:38]}
{[%emt 00:00:10]} 40. Qf3 {[%clk 00:13:14]} {[%emt 00:00:06]} Ne6 {[%clk
00:13:47]} {[%emt 00:01:19]} 41. Nxe6 {[%clk 00:13:28]} {[%emt 00:00:19]} fxe6
{[%clk 00:14:13]} {[%emt 00:00:04]} 42. Kg2 {[%clk 00:13:29]} {[%emt 00:00:29]}
Qd6 {[%clk 00:12:45]} {[%emt 00:01:54]} 43. Qa8+ {[%clk 00:13:53]} {[%emt
00:00:09]} Kh7 {[%clk 00:13:06]} {[%emt 00:00:08]} 44. Qe4+ {[%clk 00:14:18]}
{[%emt 00:00:07]} 1/2-1/2